| 000 | 01009cab a2200253 4500 | ||
|---|---|---|---|
| 001 | ABS50912 | ||
| 008 | 090401t1994 xxu||||| |||| 00| 0 eng d | ||
| 035 | _a(Sirsi) u1300 | ||
| 041 | _aeng | ||
| 100 | _aWatts, R.K. | ||
| 245 | _aParticipation and planning for productivity | ||
| 260 | _c1994 | ||
| 350 | _a0 | ||
| 490 |
_aFacilities Management _v1(5) June 1994, 14-16(3) |
||
| 520 | _aExplains how the Systems Development department of Private Patients Plan is changing the office culture and improving staff productivity as well as saving space. Discusses the planning and development of new ways of working, and the specialisation in new and more effective space use strategies, and looks at the advantages involved for office workers and managers. | ||
| 650 | _aOFFICE DESIGN | ||
| 650 | _aOFFICES | ||
| 650 | _aRICHARD K WATTS ASSOCIATES | ||
| 650 | _aSPACE PLANNING | ||
| 650 | _aWORKPLACE MANAGEMENT | ||
| 690 | _aOFFICE SERVICES AND ADMINISTRATION | ||
| 942 | _n0 | ||
| 948 | _c04/03/1997 | ||
| 999 |
_c709 _d709 |
||